Further problems in the theory and design of structures (Record no. 546734)
[ view plain ]
| 000 -LEADER | |
|---|---|
| fixed length control field | 00696cam a2200169K 4500 |
| 082 ## - DEWEY DECIMAL CLASSIFICATION NUMBER | |
| Classification number | 624.1771 |
| Author Mark | AND |
| 100 1# - MAIN ENTRY--PERSONAL NAME | |
| Personal name | Andrews, Ewart S. |
| 9 (RLIN) | 40738 |
| 245 10 - TITLE STATEMENT | |
| Title | Further problems in the theory and design of structures |
| Remainder of title | an advanced text-book for the use of students, draughtsmen and engineers engaged in constructional work. |
| Statement of responsibility, etc. | By Ewart S. Andrews ... |
| 260 ## - PUBLICATION, DISTRIBUTION, ETC. | |
| Place of publication, distribution, etc. | London, |
| Name of publisher, distributor, etc. | Chapman & Hall, |
| Date of publication, distribution, etc. | 1913. |
| 300 ## - PHYSICAL DESCRIPTION | |
| Extent | 1 online resource (viii, 236 p.) |
| Other physical details | incl., tables, diagrs. |
| 526 ## - STUDY PROGRAM INFORMATION NOTE | |
| Program name | 0 |
| Interest level | 0 |
| Reading level | 0 |
| Title point value | 624_177100000000000_AND |
| 650 #0 - SUBJECT ADDED ENTRY--TOPICAL TERM | |
| Topical term or geographic name entry element | Building. |
| 650 #0 - SUBJECT ADDED ENTRY--TOPICAL TERM | |
| Topical term or geographic name entry element | MCE |
| 9 (RLIN) | 379 |
| 650 #0 - SUBJECT ADDED ENTRY--TOPICAL TERM | |
| Topical term or geographic name entry element | Strength of materials. |
| 9 (RLIN) | 563 |
| 856 40 - ELECTRONIC LOCATION AND ACCESS | |
| Uniform Resource Identifier | <a href="http://catalog.hathitrust.org/api/volumes/oclc/1611549.html">http://catalog.hathitrust.org/api/volumes/oclc/1611549.html</a> |
| 942 ## - ADDED ENTRY ELEMENTS (KOHA) | |
| Source of classification or shelving scheme | |
| Koha item type | Book |
| Withdrawn status | Lost status | Source of classification or shelving scheme | Damaged status | Not for loan | Permanent Location | Current Location | Date acquired | Total Checkouts | Total Renewals | Full call number | Barcode | Date last seen | Date last checked out | Price effective from | Koha item type |
|---|---|---|---|---|---|---|---|---|---|---|---|---|---|---|---|
| Military College of Engineering (MCE) | Military College of Engineering (MCE) | 06/18/2014 | 1 | 3 | 624.1771 AND | MCE-420 | 09/29/2014 | 06/20/2014 | 06/18/2014 | Book |
